000
00381nam a22001577a 4500
003
MPLRDC
005
20220104160003.0
008
210129b ||||| |||| 00| 0 eng d
082
_a
782.29 HO
100
_a
海鸥出版公司编
245
_a
中国古代人物
_c
260
_a
_b
海鸥出版公司
_c
1976
300
_b
平
650
_a
中国传记
942
_c
BK
_o
782.29 HO
999
_c
54763
_d
54753